| 000 | 00506nam a22001577a 4500 | ||
|---|---|---|---|
| 999 |
_c527867 _d527867 |
||
| 020 | _qHard Cover. | ||
| 082 | _a660 | ||
| 100 | _aSaleem, Joveria | ||
| 245 |
_aMolecular Analysis of Salt Stress Signaling Gene(s) in Potato (Solanum tuberosum L.) / _cJoveria Saleem. |
||
| 260 |
_aIslamabad: _bASAB - NUST, _c2017. |
||
| 300 |
_a50 p. : ill. ; _c30cm. |
||
| 942 |
_2ddc _cTHE |
||
| 650 |
_aMS Thesis. _918721 |
||
| 700 |
_aDr. Muhammad Tahir. _919262 |
||